000 00533nam a22001937a 4500
003 OSt
005 20221005115444.0
008 220902b |||||||| |||| 00| 0 eng d
020 _a0070483795
040 _cIFM Library
082 _a657.42
100 _aKhan, M. Y
245 _aCost Accounting and Financial Management:For CA Professional Examination-II
260 _aIndia;
_bTata McGraw,
_c20002
300 _axiii.: 16.5p.; 23cm.
500 _aIncludes Bibliography and Index
700 _aP K Jain
942 _cBK
_2ddc
_n0
999 _c17769
_d17769